LEADER 05078nam 2200637 a 450 001 9910790250103321 005 20200520144314.0 010 $a1-280-39425-0 010 $a9786613572172 010 $a1-84719-981-X 035 $a(CKB)2670000000185763 035 $a(EBL)932946 035 $a(OCoLC)794492408 035 $a(SSID)ssj0000658720 035 $a(PQKBManifestationID)12197862 035 $a(PQKBTitleCode)TC0000658720 035 $a(PQKBWorkID)10691355 035 $a(PQKB)10191073 035 $a(MiAaPQ)EBC932946 035 $a(Au-PeEL)EBL932946 035 $a(CaPaEBR)ebr10555764 035 $a(CaONFJC)MIL357217 035 $a(PPN)228029740 035 $a(EXLCZ)992670000000185763 100 $a20120516d2012 uy 0 101 0 $aeng 135 $aur|n|---||||| 181 $ctxt 182 $cc 183 $acr 200 10$aSocial media for WordPress$b[electronic resource] $ebeginner's guide : a quicker way to build communities, engage members, and promote your site /$fMichael Kuhlmann 210 $aOlton, Birmingham [England] $cPackt Pub.$d2012 215 $a1 online resource (166 p.) 225 0 $aLearn by doing : less theory, more results 300 $aDescription based upon print version of record. 311 $a1-84719-980-1 320 $aIncludes bibliographical references and index. 327 $aCover; Social Media for WordPress; Credits; Foreword; About the Author; About the Reviewers; www.PacktPub.com; Support files, eBooks, discount offers and more; Why Subscribe?; Free Access for Packt account holders; Table of Contents; Preface; What this book covers; What you need for this book; Who this book is for; Conventions; Time for action - heading; Reader feedback; Customer support; Downloading the example code for this book; Errata; Piracy; Questions; Chapter 1:Share it the Easy Way; Before you read this book; A brief overview of social media; Social media is the new Web 2.0 327 $aGoing social does not mean going viralThe WordPress advantage; Doing more with core functions; The karma of pingbacks and comments; Food for thought: RSS feed basics; Time for action - building an automated newsletter with a keyword-based RSS feed; Part 1-creating a subscriber signup form; Part 2-creating a keyword-specific RSS feed; Part 3-Creating an automated newsletter campaign; What just happened?; Utilizing MailChimp and Yahoo! Pipes; Partnering and building sponsorship opportunities; Exploring more applications to this tutorial; Pop quiz - understanding key terms and key concepts 327 $aHave a go heroSummary; Chapter 2:Building the Social Network: BuddyPress and WP Symposium; Before you enable the social layer; Take a measured approach to your feature rollout; Make your passion your niche market; Set aside time; Top 10 plugins to supplement your BuddyPress site; Activating BuddyPress plugins; What just happened?; The Default BuddyPress theme; The Facebook connection; Prepare for a work in progress; Easing your users into BuddyPress; Time for action: how to convert site visitors to site members; Part 1: connecting your WordPress site with Facebook 327 $aPart 2: greeting your new visitors with a warm welcomePart 3: providing your new site visitor with incentives; What just happened?; Use your own voice; Don't overwhelm your new site members; Profiling your site members; Pop quiz - audience engagement; Gamification: The art of user-generated content; Time for action - how to get your users to create original content for you; Part 1: create a post content form with ratings; Time for action - how to enable users to share your content; Part 2: simplifying the process of sharing user reviews; What just happened? 327 $aWhy post reviews and ratings matterBuddyPress vs. WP Symposium; The issue with privacy; Single and multiple developers; What can I build with WPS?; Have a go hero; Summary; Chapter 3:Community Forums for the Masses; Comments versus forums; When to use comments; When to use forums; When to use support forums; Watching out for common pitfalls; Time for action - how to automatically display selective forum posts in Twitter; Part 1: setting up groups and forums for BuddyPress; Part 2: creating tweets through forum content; Part 3: automating and customizing tweets with WordPress 327 $a(Optional) Part 4: automatically deleting duplicate Twitter content 330 $aFast paced, quick to read, impossible to put down, this book is a complete plan for social engagement on the web. You've heard plenty of social media success stories. You know your WordPress site inside and out, but you want help. Stop right now and pick up a copy of this book. 606 $aSocial media$vHandbooks, manuals, etc 615 0$aSocial media 676 $a006.7/54 676 $a006.754 700 $aKu?hlmann$b Michael$01544256 801 0$bMiAaPQ 801 1$bMiAaPQ 801 2$bMiAaPQ 906 $aBOOK 912 $a9910790250103321 996 $aSocial media for WordPress$93798337 997 $aUNINA LEADER 03522nam 2200685 a 450 001 9910782809903321 005 20200520144314.0 010 $a1-282-07040-1 010 $a9786612070402 010 $a0-226-84273-8 024 7 $a10.7208/9780226842738 035 $a(CKB)1000000000747392 035 $a(EBL)432307 035 $a(OCoLC)371102625 035 $a(SSID)ssj0000099609 035 $a(PQKBManifestationID)11128233 035 $a(PQKBTitleCode)TC0000099609 035 $a(PQKBWorkID)10019842 035 $a(PQKB)11754961 035 $a(StDuBDS)EDZ0000122952 035 $a(MiAaPQ)EBC432307 035 $a(DE-B1597)524419 035 $a(OCoLC)1135567581 035 $a(DE-B1597)9780226842738 035 $a(Au-PeEL)EBL432307 035 $a(CaPaEBR)ebr10290027 035 $a(CaONFJC)MIL207040 035 $a(EXLCZ)991000000000747392 100 $a20071220d2008 uy 0 101 0 $aeng 135 $aur|n|---||||| 181 $ctxt 182 $cc 183 $acr 200 10$aAesthetics of renewal$b[electronic resource] $eMartin Buber's early representation of Hasidism as kulturkritik /$fMartina Urban 210 $aChicago $cUniversity of Chicago Press$d2008 215 $a1 online resource (254 p.) 300 $aDescription based upon print version of record. 311 $a0-226-84270-3 320 $aIncludes bibliographical references (p. 217-227) and index. 327 $tFrontmatter -- $tContents -- $tAcknowledgments -- $tAbbreviations -- $tIntroduction -- $t1. Buber's Hermeneutic Horizon -- $t2. The Anthology and the Jewish Renaissance -- $t3. Zionist Anthologies -- $t4. In Search of Collaborators -- $t5. The Galician Circle of Elusive Collaborators -- $t6. Ahad Ha'am's Theory of Culture Revised -- $t7. Sprachkritik: The Crisis of Perception -- $t8. Jewish Culture: Between Mystical Aesthetics and Lebensphilosophie -- $t9. A Phenomenology of Hasidic Mysticism -- $tConclusion -- $tAppendix: Buber's Sources for Die Legende des Baalschem -- $tNotes -- $tBibliography -- $tIndex 330 $aMartin Buber's embrace of Hasidism at the start of the twentieth century was instrumental to the revival of this popular form of Jewish mysticism. Hoping to instigate a Jewish cultural and spiritual renaissance, he published a series of anthologies of Hasidic teachings written in German to introduce the tradition to a wide audience. In Aesthetics of Renewal, Martina Urban closely analyzes Buber's writings and sources to explore his interpretation of Hasidic spirituality as a form of cultural criticism. For Buber, Hasidic legends and teachings were n 606 $aHasidism 606 $aSpiritual life$xJudaism 606 $aAnthologies 606 $aZionism 610 $ahasidism, kulturkritik, judaism, mysticism, jewish, identity, religion, spirituality, revival, zionism, community, unity, diaspora, tradition, cultural memory, belonging, migration, nationalism, german romanticism, self sacrifice, redemption, devotion, immediacy, ecstasy, perception, language, lebensphilosophie, aesthetics, metaphysics, folklore, folk belief, sefer, ingathering, nonfiction. 615 0$aHasidism. 615 0$aSpiritual life$xJudaism. 615 0$aAnthologies. 615 0$aZionism. 676 $a296.8/332 700 $aUrban$b Martina$01465657 801 0$bMiAaPQ 801 1$bMiAaPQ 801 2$bMiAaPQ 906 $aBOOK 912 $a9910782809903321 996 $aAesthetics of renewal$93835041 997 $aUNINA